000 00381nam a2200145 i 4500
001 bg
100 1 _aKOTULA, W.
245 0 _aStateczność i wrażliwość na imperfekcje pewnej przestrzennej... /
_cW. Kotula, M. Kleiber.
260 _aWarszawa,
_c1983.
700 1 _aKLEIBER, M.
040 _cBPK
041 _apol
942 _cKS
008 s pl f |000 0 pol
999 _c22169
_d22169
856 _uhttp://koha.tu.koszalin.pl/cgi-bin/koha/opac-detail.pl?biblionumber=22169
_yKatalog online BPK